[Event "North American-ch U12"]
[Site "Montreal"]
[Date "2010.08.18"]
[Round "5"]
[White "Boudreault, Laurent"]
[Black "Radzetzky, Laurent"]
[Result "0-1"]
[WhiteElo "698"]
[BlackElo "955"]
[PlyCount "26"]
[EventDate "2010.08.16"]
[EventType "swiss"]
[EventRounds "7"]
[EventCountry "CAN"]
[SourceTitle "EXT 2013"]
[Source "ChessBase"]
[SourceDate "2012.11.22"]
[SourceVersion "1"]
[SourceVersionDate "2012.11.22"]
[SourceQuality "1"]

1. e4 e5 2. Nf3 Bc5 3. Nc3 Nf6 4. d4 Bb4 5. Bd2 d6 6. dxe5 dxe5 7. Nxe5 Qd6 8. Nb5 Qxd2+ 9. Qxd2 Bxd2+ 10. Kxd2 Nxe4+ 11. Ke1 Na6 12. Bc4 0-0 13. Bxf7+ Kh8 0-1

[Event "North American-ch U12"]
[Site "Montreal"]
[Date "2010.08.16"]
[Round "2"]
[White "Lagasse, Nicolas"]
[Black "Radzetzky, Laurent"]
[Result "1-0"]
[WhiteElo "1059"]
[BlackElo "955"]
[PlyCount "77"]
[EventDate "2010.08.16"]
[EventType "swiss"]
[EventRounds "7"]
[EventCountry "CAN"]
[SourceTitle "EXT 2013"]
[Source "ChessBase"]
[SourceDate "2012.11.22"]
[SourceVersion "1"]
[SourceVersionDate "2012.11.22"]
[SourceQuality "1"]

1. c4 e5 2. Nc3 Bc5 3. e3 Nf6 4. d4 Bb4 5. dxe5 Ne4 6. Bd2 Nc5 7. a3 Ba5 8. b4 Ne6 9. bxa5 0-0 10. Nf3 Nc6 11. Qc2 g6 12. Nb5 a6 13. Nbd4 Re8 14. Nxe6 dxe6 15. Be2 Qd7 16. 0-0 Qd8 17. Rfd1 Rb8 18. Bb4 Bd7 19. Qd3 f6 20. Qxd7 Qxd7 21. Rxd7 Nxe5 22. Nxe5 Rbd8 23. Rxd8 Rxd8 24. Nf3 Rd7 25. Rd1 Rxd1+ 26. Bxd1 e5 27. Bc5 e4 28. Nd4 f5 29. Bb6 cxb6 30. axb6 h6 31. c5 g5 32. c6 f4 33. cxb7 fxe3 34. b8Q+ Kg7 35. Qe8 exf2+ 36. Kxf2 Kh7 37. Qf7+ Kh8 38. Ne6 h5 39. Qg7# 1-0